00934cam a2200229 a 450000100100000000500170001000800410002704000250006804100130009308200170010610000840012324000500020724500920025726000350034930000210038453400570040565000250046265000280048770000490051595201250056499900150068900000436820200929151431.0831101s1943 sp b 000 f spa  aDO-SdBNPbspacBNPHU17aspaheng a823.8bT363a1 aThackeray, William Makepeace,q(William Makepeace Thackeray)d1811-1863.91286714aThe memoirs of Barry Lyndon, Esq.lEspañol.14aAventuras de Barry Lyndon /cWilliam Thackeray ; traducción, Rafael Vásquez-Zamora. aBarcelona ; :bDestino,c1943. a412 p. ;c20 cm. aTítulo original:tThe memoirs of Barry Lyndon, Esq 4aNovela inglesa91071 4aLiteratura inglesa94981 aVázquez-Zamora, Rafael,etr.d1946-912868 001053728MOaGRbGRcCTd2009-07-21iLF1l0o823.8 T363ap4368-10r2020-06-25te.2w2020-06-25y2ZPréstamo interno c4177d4177